00427nam a2200121Ia 4500008004100000245008100041245002300122260000900145650001100154856004800165999001900213952007300232171211s9999 xx 000 0 und d aEcology and Wonder: in the Canadian Rocky Mountain Parks World Heritage Site cRobert W. Sandford c2010 xTRAVEL uhttp://down.ebook777.com/059/1897425570.pdf c347764d347764 001040aCLbCLd2017-12-11l0r2017-12-11 00:00:00w2017-12-11yCBE